| Tag |
First Indicator |
Second Indicator |
Subfields |
| LEADER |
00000cam a2200000 4500 |
| 001 |
in00000023290 |
| 005 |
20151007064349.0 |
| 008 |
790427s1949 nyu 00010 eng |
| 010 |
|
|
|a 50017743
|
| 035 |
|
|
|a (OCoLC)04902704
|
| 035 |
|
|
|9 AAD9669AM
|
| 040 |
|
|
|a DLC
|c NJR
|d TXA
|d UtOrBLW
|
| 041 |
0 |
|
|a eng
|a ita
|
| 049 |
|
|
|a TXAM
|c [199385]
|
| 050 |
|
0 |
|a PQ4709.E5
|b A2 1949
|
| 082 |
0 |
|
|a 851.75
|
| 092 |
|
|
|a 851
|b L587c
|
| 100 |
1 |
|
|a Leopardi, Giacomo,
|d 1798-1837.
|
| 245 |
1 |
0 |
|a Translations from the Canti of Giacomo Leopardi /
|c [by] C. B. Lombardo.
|
| 264 |
|
1 |
|a New York,
|b [publisher not identified] ;
|c 1949.
|
| 300 |
|
|
|a 89 pages ;
|c 22 cm.
|
| 336 |
|
|
|a text
|b txt
|2 rdacontent
|
| 337 |
|
|
|a unmediated
|b n
|2 rdamedia
|
| 338 |
|
|
|a volume
|b nc
|2 rdacarrier
|
| 500 |
|
|
|a Italian and English on opposite pages.
|
| 700 |
1 |
|
|a Lombardo, Charles Bartholomew,
|d 1906-
|
| 999 |
|
|
|a MARS
|
| 999 |
f |
f |
|s faf1f90a-1560-336b-9a62-80dfc38a4428
|i 38acca1e-b9b4-3d05-a4b1-9962a4bd9eea
|t 0
|
| 952 |
f |
f |
|p ric
|a Texas A&M University
|b Rellis Campus
|c Joint Library Facility
|d Remote Storage
|t 0
|e PQ4709.E5 A2 1949
|h Library of Congress classification
|i unmediated -- volume
|m A14801376037
|
| 998 |
f |
f |
|a PQ4709.E5 A2 1949
|t 0
|l Remote Storage
|